000 00294nam a22001337a 4500
008 181015b xxu||||| |||| 00| 0 eng d
020 _a9781560530749
041 _aeng
080 _a610
100 _a4
101 _aSHM
245 _aSports Medicine Secrets
_cMellion, M.B
942 _2udc
_cBK
999 _c49734
_d49734